Bibliography of theses 1938-1969 (Record no. 1033213)

MARC details
000 -LEADER
fixed length control field 00761nam a2200253Ia 4500
003 - CONTROL NUMBER IDENTIFIER
control field OSt
005 - DATE AND TIME OF LATEST TRANSACTION
control field 20221005115026.0
008 - FIXED-LENGTH DATA ELEMENTS--GENERAL INFORMATION
fixed length control field 221004b |||||||| |||| 00| 0 eng d
037 ## - SOURCE OF ACQUISITION
Terms of availability Textual
040 ## - CATALOGING SOURCE
Original cataloging agency CRL
Transcribing agency CRL
Language of cataloging eng
041 ## - LANGUAGE CODE
Source of code eng
Language code of text/sound track or separate title eng
110 ## - MAIN ENTRY--CORPORATE NAME
Corporate name or jurisdiction name as entry element Indian Agricultural Research Institute, New Dealhi
9 (RLIN) 627007
245 #0 - TITLE STATEMENT
Title Bibliography of theses 1938-1969
260 ## - PUBLICATION, DISTRIBUTION, ETC.
Date of publication, distribution, etc. 1970
490 ## - SERIES STATEMENT
Series statement IARI Library bibliographical series ,3
650 ## - SUBJECT ADDED ENTRY--TOPICAL TERM
Topical term or geographic name entry element BIBLIOGRAPHY
700 ## - ADDED ENTRY--PERSONAL NAME
Personal name Indian Agricultural Research Institute, New Dealhi
9 (RLIN) 627008
942 ## - ADDED ENTRY ELEMENTS (KOHA)
Classification part 14:998(J):N69<-N38, L0 BB
Koha item type Textual
Source of classification or shelving scheme
Holdings
Withdrawn status Lost status Damaged status Not for loan Home library Current library Date acquired Total Checkouts Full call number Barcode Date last seen Price effective from Koha item type
        Central Library Central Library 2022-10-05   14:998(J):N69<-N38 L0 BB CL0375337 2022-10-05 2022-10-05 Textual
Copyright @ Delhi University Library System